Laufey Lyrics - Castle in Hollywood - Statistics

General Stats
  • This quiz has been taken 27 times
  • The average score is 252 of 276
Answer Stats
Lyrics % Correct
a
100%
about
100%
again
100%
always
100%
back
100%
bloomed
100%
castle
100%
could
100%
died
100%
end
100%
girlhood
100%
go
100%
heartbreak
100%
Hollywood
100%
I
100%
in
100%
Marked
100%
never
100%
of
100%
our
100%
spring
100%
string
100%
that
100%
That
100%
The
100%
the
100%
Then
100%
then
100%
think
100%
to
100%
together
100%
we
100%
We
100%
winter
100%
wish
100%
with
100%
you
100%
and
94%
by
94%
it
94%
lilies
94%
my
94%
My
94%
out
94%
they
94%
thought
94%
Tied
94%
your
94%
be
88%
fairy
88%
friend
88%
glory
88%
hurry
88%
It’s
88%
one
88%
Or
88%
story
88%
version
88%
walk
88%
We’ll
88%
well
88%
where
88%
Where
88%
Which
88%
boy
82%
brain
82%
can’t
82%
day
82%
days
82%
dreamed
82%
figure
82%
friends
82%
happened
82%
hours
82%
house?
82%
learning
82%
live
82%
love
82%
moved
82%
night
82%
not
82%
rack
82%
single
82%
Spend
82%
still
82%
Still
82%
tell
82%
What
82%
what
82%
without
82%
wonder
82%
dating
76%
fell
76%
finally
76%
fine
76%
hell
76%
him
76%
how
76%
I’m
76%
like
76%
There’s
76%
us
76%
year
76%
30
71%
come
71%
dress,
71%
gone
71%
had
71%
have
71%
months
71%
over
71%
way
71%
couldn’t
65%
didn’t
65%
first
65%
hadn’t
65%
I’ll
65%
lied
65%
sweater
65%
better
59%
borrow
59%
ever
59%
heartbreak
59%
obsess
59%
were
59%
best,
53%
meant
53%
owe
53%
forever
47%
I’ve
47%
just
47%
worst
47%
No matching quizzes found
Score Distribution
Percent of People with Each Score
Percentile by Number Answered
Your Score History
You have not taken this quiz